Music Quiz

Random Music or Album Quiz
Score 0/9 Timer 10:00
0 Plays Today
Year % Correct
1989Slowly We Rot
100%
1990Cause of Death
89.5%
1994World Demise
84.2%
1997Back From The Dead
78.9%
2005Frozen in Time
78.9%
1992The End Complete
73.7%
2007Xecutioner's Return
63.2%
2014Inked in Blood
53.8%
2009Darkest Day
36.8%
Remove Ads.
Support Sporcle.
Get the best of Sporcle when you Go Orange. This ad-free experience offers more features, more stats, and more fun while also helping to support Sporcle. Thank you for becoming a member.

You're not logged in!

Compare scores with friends on all Sporcle quizzes.
OR
Log In

Show Comments

Extras

Created Dec 10, 2012ReportNominate
Tags:Album Quiz

Top Quizzes Today


Score Distribution

Your Account Isn't Verified!

In order to create a playlist on Sporcle, you need to verify the email address you used during registration. Go to your Sporcle Settings to finish the process.

Report this User

Report this user for behavior that violates our Community Guidelines.

Details: